[Event "Manavgat Turkey Cup"]
[Site "Manavgat"]
[Date "2016.01.31"]
[Round "2"]
[White "Alver, Furkan"]
[Black "Koker, Turan Sevki"]
[Result "0-1"]
[WhiteElo "1578"]
[BlackElo "1785"]
[PlyCount "70"]
[EventDate "2016.01.30"]
[EventType "swiss"]
[EventRounds "11"]
[EventCountry "TUR"]
[SourceTitle "CBM 170 Extra"]
[Source "ChessBase"]
[SourceDate "2016.02.25"]
[SourceVersion "1"]
[SourceVersionDate "2016.02.25"]
[SourceQuality "1"]

1. e4 e5 2. Nf3 Nc6 3. Bc4 Bc5 4. b4 Bxb4 5. c3 Bc5 6. 0-0 d6 7. d4 Bb6 8. Qb3 Qf6 9. Bb5 Bd7 10. d5 Nb8 11. a4 a5 12. Na3 Ne7 13. Re1 h6 14. Be3 Nc8 15. Nc4 Bxe3 16. Nxe3 Nb6 17. Nc4 Nxc4 18. Bxc4 b6 19. Bb5 0-0 20. Re3 Qe7 21. Ne1 Bxb5 22. Qxb5 f5 23. exf5 Rxf5 24. Rf3 Rxf3 25. Nxf3 Qd7 26. Qc4 Na6 27. Re1 Nc5 28. Nxe5 dxe5 29. Rxe5 Kh8 30. Qe2 Qxa4 31. h3 Qa1+ 32. Kh2 Qxc3 33. Qh5 Qd4 34. Re7 a4 35. Rxc7 Qf4+ 0-1